| 000 | 00783nam a22002417a 4500 | ||
|---|---|---|---|
| 003 | OSt | ||
| 005 | 20251216023413.0 | ||
| 008 | 251216b |||||||| |||| 00| 0 eng d | ||
| 020 | _a9812470301 | ||
| 040 |
_aDWCL - Main _cOC |
||
| 082 | _aCirc. 540 W665c 2003 | ||
| 100 |
_aWilbraham, Anthony C. _eAuthor |
||
| 245 |
_aChemistry / _cAnthony C. Wilbraham [and three others] |
||
| 250 | _a5th edition | ||
| 260 |
_aSingapore: _bPearson Education, _cc2003. |
||
| 300 |
_axxiii, 881 pages: _billustrations; _c25 cm. |
||
| 504 | _aIncludes index, glossary, and bibliographical references. | ||
| 650 | _a1. Chemistry. | ||
| 700 |
_aI. Staley, Dennis D. _eAuthor |
||
| 700 |
_aII. Matta, Michael S. _eAuthor |
||
| 700 |
_aIII. Waterman, Edward L. _eAuthor |
||
| 942 |
_2ddc _cBK-CIRC _n0 |
||
| 999 |
_c7102 _d7102 |
||